Animal breeding plans / (Record no. 2451)
[ view plain ]
| 000 -LEADER | |
|---|---|
| fixed length control field | 00595cam a22002171 4500 |
| 001 - CONTROL NUMBER | |
| control field | BD-DhSAU 2451 |
| 003 - CONTROL NUMBER IDENTIFIER | |
| control field | BD-DhSAU |
| 005 - DATE AND TIME OF LATEST TRANSACTION | |
| control field | 20150128141643.0 |
| 008 - FIXED-LENGTH DATA ELEMENTS--GENERAL INFORMATION | |
| fixed length control field | 750411s1937 iaua b 001 0 eng |
| 040 ## - CATALOGING SOURCE | |
| Original cataloging agency | BD-DhSAU |
| 082 ## - DEWEY DECIMAL CLASSIFICATION NUMBER | |
| Classification number | 636.082 |
| Edition number | 22 |
| Item number | LUA |
| 100 1# - MAIN ENTRY--PERSONAL NAME | |
| Personal name | Lush, Jay L. |
| 245 10 - TITLE STATEMENT | |
| Title | Animal breeding plans / |
| Statement of responsibility, etc. | Jay L. Lush |
| 260 ## - PUBLICATION, DISTRIBUTION, ETC. (IMPRINT) | |
| Place of publication, distribution, etc. | Ames, La. : |
| Name of publisher, distributor, etc. | Collegiate Press, inc. , |
| Date of publication, distribution, etc. | 1937. |
| 300 ## - PHYSICAL DESCRIPTION | |
| Extent | viii, 350 p. : |
| Other physical details | ill. ; |
| Dimensions | 23 cm. |
| 504 ## - BIBLIOGRAPHY, ETC. NOTE | |
| Bibliography, etc | include bibliography and index |
| 590 ## - Name of Cataloguer | |
| Name of Cataloger | tamanna |
| 650 #0 - SUBJECT ADDED ENTRY--TOPICAL TERM | |
| Topical term or geographic name as entry element | Livestock |
| 650 #0 - SUBJECT ADDED ENTRY--TOPICAL TERM | |
| Topical term or geographic name as entry element | animal breeding |
| 650 #0 - SUBJECT ADDED ENTRY--TOPICAL TERM | |
| Topical term or geographic name as entry element | animal husbandry |
| 942 ## - ADDED ENTRY ELEMENTS (KOHA) | |
| Source of classification or shelving scheme | Dewey Decimal Classification |
| Koha item type | Book |
| Withdrawn status | Lost status | Source of classification or shelving scheme | Damaged status | Not for loan | Home library | Branch Name | Shelving location | Date acquired | Total Checkouts | Full call number | Barcode | Date last seen | Date checked out | Price effective from | Koha item type | Collection code | Source of acquisition |
|---|---|---|---|---|---|---|---|---|---|---|---|---|---|---|---|---|---|
| Dewey Decimal Classification | SAU Library | SAU Library | General Stacks | 22/11/1978 | 1 | 636.082 LUA | 1665 | 17/04/2024 | 31/03/2024 | 28/01/2015 | Book | ||||||
| Dewey Decimal Classification | SAU Library | SAU Library | General Stacks | 08/01/1981 | 636.082 LUA | 8002 | 28/01/2015 | 28/01/2015 | Book | ||||||||
| Dewey Decimal Classification | SAU Library | SAU Library | General Stacks | 22/11/1978 | 636.082 LUA | 1664 | 28/01/2015 | 28/01/2015 | Book | ||||||||
| Dewey Decimal Classification | Not For Loan | SAU Library | SAU Library | Reference | 22/11/1978 | 636.082 LUA | 1663 | 28/05/2015 | 28/05/2015 | Book | |||||||
| Dewey Decimal Classification | Not For Loan | SAU Library | SAU Library | Reference | 30/05/2015 | 636.082 LUA | 2218x | 30/05/2015 | 30/05/2015 | Book | Reference | ||||||
| Dewey Decimal Classification | SAU Library | SAU Library | General Stacks | 11/07/2015 | 1 | 636.082 LUA | 1666 | 03/01/2017 | 03/01/2017 | 11/07/2015 | Book | 1978-11-22 |
